| 000 | 00995nam a2200313 a 4500 | ||
|---|---|---|---|
| 001 | 000082204 | ||
| 005 | 20200120224709.0 | ||
| 008 | 161130s2016 ck ||||gr|||| 001 ||spa d | ||
| 020 | _a9789584248909 | ||
| 020 | _a9584248901 | ||
| 041 | 0 | _a/-spa | |
| 043 | _ae-sp--- | ||
| 090 |
_aAN _bMURHAe |
||
| 100 | 1 | _aMurakami, Haruki | |
| 245 | 1 | 3 |
_aEl elefante desaparece / _cHaruki Murakami ; traducción de Fernando Cordobés y Yoko Ogihara. |
| 250 | _a1a. ed. | ||
| 260 |
_aBarcelona : _bTusQuets Editores, _c2016. |
||
| 300 | _a344 páginas. | ||
| 490 | 0 |
_aColección Andanzas _v876 |
|
| 500 | _aIncluye índice | ||
| 650 | 1 | 7 |
_aNovela adulta japonesa _2LEMB |
| 650 | 2 | 7 |
_aLiteratura adulta japonesa _2LEMB |
| 650 | 2 | 7 |
_aElefantes en la literatura _2LEMB |
| 650 | 2 | 7 |
_aAnimales en la literatura _2LEMB |
| 650 | 2 | 7 |
_aFantasía en la literatura _2LEMB |
| 650 | 2 | 7 |
_aZoológicos en la literatura _2LEMB |
| 700 | 1 |
_aCordobés, Fernando, _etraductor |
|
| 700 | 1 |
_aOgihara, Yoko, _etraductor |
|
| 999 |
_c10610 _d10610 |
||